000 00795nam a22002057a 4500
999 _c15773
_d15773
003 OSt
005 20201123152222.0
008 181213b ||||| |||| 00| 0 eng d
022 _a0730-3084
040 _c0
082 _aDPer 613.705 J863 Sept 2015-Apr 2016 v. 86-87
100 _aColombo-Dougovito, Andrew M.
_942566
245 _a Make task constraints work for you:
_bteaching object-control skill to students with autism spectrum disorder/
_cAndrew M. Colombo-Dougovito and Martin Block.
260 _aPhiladelphia:
_bShape America-Society of Health and Physical Educators,
_c©Sept 2015-Apr 2016.
300 _av87, n1, pages 32-37:
_billustrations;
_c28 cm.
500 _aJOPERD
650 _aTeaching
_xHandicapped.
_933110
700 _aBlock, M.
_eAuthor.
_942597
942 _2ddc
_cPER